Nations in the 1928 Winter Olympics - Statistics

General Stats
  • This quiz has been taken 41 times
  • The average score is 23 of 25
Answer Stats
Hint Answer % Correct
America Canada
100%
America Argentina
96%
Europe Finland
96%
Europe Italy
96%
Asia Japan
96%
Europe Sweden
96%
America United States
96%
Europe Austria
93%
Europe Belgium
93%
Europe France
93%
Europe Germany
93%
Europe Great Britain
93%
Europe Norway
93%
Europe Hungary
89%
Europe Poland
89%
Europe Romania
89%
Europe Switzerland
89%
Europe Netherlands
86%
Europe Yugoslavia
86%
Europe Czechoslovakia
82%
Europe Estonia
82%
Europe Latvia
82%
Europe Lithuania
82%
Europe Luxembourg
82%
America Mexico
79%
No matching quizzes found
Score Distribution
Percent of People with Each Score
Percentile by Number Answered
Your Score History
You have not taken this quiz